000 00260nam a22001217a 4500
008 180926b xxu||||| |||| 00| 0 eng d
041 _aeng
080 _a334.7
100 _a55
101 _aMAN
245 _aManagerial Finnace
_cWeston.B
942 _2udc
_cBK
999 _c48527
_d48527